Marvel Heroes by Real Names #15 - Statistics

General Stats
  • This quiz has been taken 9 times
  • The average score is 12 of 25
Answer Stats
Name Answer % Correct
Thaddeus "Thunderbolt" Ross Red Hulk
100%
Yelena Belova White Widow
88%
Phillip Coulson Agent Coulson
75%
Brian Braddock Captain Britain
75%
Charlie-27 Charlie-27
75%
Robert "Bobby" Drake Iceman
75%
Redwing Redwing
75%
Norrin Radd Silver Surfer
75%
Jean-Paul Beaubier Northstar
63%
Hiro Hamada Hiro
50%
Kevin Plunder Ka-Zar
50%
Peter Parker (Earth-90124) Spider-Man Noir
50%
Anya Corazon Arana
38%
unknown; member of the Guardians of the Galaxy & Micronauts Bug
38%
Quentin Quire Kid Omega
38%
Sarah (surname unknown) Marrow
38%
Ava Ayala White Tiger
38%
Shannon Carter American Dream
25%
Guy Smith Mister Sensitive
25%
Tiana Toomes Starling
25%
Alysande "Sandy" Stuart Caledonia
13%
Jaycen (surname unknown) Flint
13%
Jack Harrison Jack Flag
13%
Drew Daniels Texas Twister
13%
Priscilla Lyons Vagabond
13%
No matching quizzes found
Score Distribution
Percent of People with Each Score
Percentile by Number Answered
Your Score History
You have not taken this quiz